00460cam a2200157ua 45000010005000000080039000050400009000440820008000531000043000612450069001042500009001732600043001823000017002256530014002426530046002562976110920n ii |||gr||||Z||||||asm cMAIN a9201 aBhattarchayya, Birendrakumar,eEditor.11aKarmabir Chandra nath Sharmaced. by Birendrakumar Bhattacharya  a1st. aGuahati:bPublication board assam,983. a251p:c23cm. aBiography aBiography of Karmabir Chandra nath Sharma